000 00312nam a22001457a 4500
008 221124b ||||| |||| 00| 0 eng d
020 _a9780803660687
041 _aeng
080 _a61
082 _a61JUR
100 _a2
101 _aMJK
245 _aCONQUER MEDICAL CODING
_cJUREK H J
942 _2udc
_cBK
999 _c59032
_d59032